[Event "4NCL Division 3 Central"]
[Site "Leamington Spa, ENG"]
[Date "2022.05.01"]
[Round "8.52"]
[White "Trevelyan, John"]
[Black "Beckett, Richard"]
[Result "1-0"]
[WhiteElo "1961"]
[BlackElo "1616"]
[PlyCount "103"]
[EventDate "2022.05.01"]
[WhiteTeam "Rhyfelwyr Essyllwg"]
[BlackTeam "Oxford 4"]

1. d4 Nf6 2. c4 c5 3. e3 g6 4. Nc3 cxd4 5. exd4 Bg7 6. Be3 O-O 7. Nf3 d6 8. Bd3
Nc6 9. d5 Nb4 10. Be2 Bf5 11. Nd4 Qd7 12. a3 Na6 13. Nxf5 Qxf5 14. Nb5 b6 15.
Nd4 Qd7 16. O-O Rac8 17. b4 Nb8 18. Rc1 e5 19. Nc2 Ne8 20. b5 f5 21. Nb4 Nf6
22. Nc6 f4 23. Bd2 Rc7 24. f3 g5 25. Bd3 g4 26. Qc2 Nxc6 27. bxc6 Qe7 28. Rce1
Qf7 29. fxg4 Nxg4 30. Bxh7+ Kh8 31. Rf3 Nh6 32. Bg6 Qf6 33. Rh3 Kg8 34. Qe4 Qg5
35. Bh5 Qf5 36. Bb4 Rf6 37. a4 Qxe4 38. Rxe4 Nf5 39. a5 Nd4 40. Bd1 Kf8 41.
axb6 axb6 42. Ra3 Nxc6 43. dxc6 Rxc6 44. Ra8+ Kf7 45. Ra7+ Kg6 46. Bc2 Kh6 47.
Ba4 Rc8 48. Kf2 Rb8 49. Kf3 Bf8 50. Re2 Kg5 51. Rh7 d5 52. Rxe5+ 1-0

[Event "4NCL Division 3 Central"]
[Site "Leamington Spa, ENG"]
[Date "2022.05.01"]
[Round "8.53"]
[White "Rumsby, Stephen"]
[Black "Hewitt, William"]
[Result "0-1"]
[WhiteElo "1614"]
[BlackElo "1992"]
[PlyCount "84"]
[EventDate "2022.05.01"]
[WhiteTeam "Oxford 4"]
[BlackTeam "Rhyfelwyr Essyllwg"]

1. e4 c5 2. Nc3 Nc6 3. f4 g6 4. Nf3 Bg7 5. Bb5 Nd4 6. O-O Nxb5 7. Nxb5 d5 8. d3
a6 9. Nc3 e6 10. e5 Ne7 11. Qe1 b5 12. a3 Bd7 13. Nd1 f6 14. exf6 Bxf6 15. Ne5
Bc8 16. Nf2 Bg7 17. Nfg4 O-O 18. Bd2 Nf5 19. c3 Qd6 20. Qe2 Bb7 21. Rae1 Rfe8
22. Nf2 Qc7 23. Qg4 Rad8 24. d4 cxd4 25. Nfd3 dxc3 26. Bxc3 d4 27. Bd2 Qe7 28.
Nf3 Bd5 29. Nde5 Rc8 30. h4 Rc2 31. h5 gxh5 32. Qxh5 Ng3 33. Qg4 Nxf1 34. Kxf1
Rxb2 35. f5 exf5 36. Qxf5 Rf8 37. Qg4 Rxd2 38. Kg1 Bxf3 39. Nxf3 Re2 40. Qg3
Rxf3 41. Rxe2 Rxg3 42. Rxe7 Rxa3 0-1

[Event "4NCL Division 3 Central"]
[Site "Leamington Spa, ENG"]
[Date "2022.05.01"]
[Round "8.54"]
[White "McGregor, John"]
[Black "Hariharan, Shambavi"]
[Result "1-0"]
[WhiteElo "1874"]
[BlackElo "1466"]
[PlyCount "119"]
[EventDate "2022.05.01"]
[WhiteTeam "Rhyfelwyr Essyllwg"]
[BlackTeam "Oxford 4"]

1. e4 c6 2. Nc3 d5 3. Nf3 Bg4 4. h3 Bxf3 5. Qxf3 e6 6. exd5 exd5 7. d4 Be7 8.
Be3 Nf6 9. Bd3 Nbd7 10. O-O O-O 11. g4 Nb6 12. Ne2 Nc4 13. Bc1 Re8 14. Ng3 Nd6
15. Re1 Nfe4 16. Bf4 Nxg3 17. Bxg3 Ne4 18. Bxe4 dxe4 19. Rxe4 Bf6 20. c3 Qd7
21. Rae1 Rxe4 22. Rxe4 Re8 23. Qe2 Rxe4 24. Qxe4 h6 25. Be5 Bxe5 26. Qxe5 Qd8
27. Kg2 b5 28. b3 Qd5+ 29. Qxd5 cxd5 30. f4 Kf8 31. f5 Ke7 32. Kf3 Kf6 33. Kf4
g6 34. h4 g5+ 35. hxg5+ hxg5+ 36. Ke3 Ke7 37. Kd3 Kd6 38. c4 b4 39. Kc2 a6 40.
Kb2 Kc6 41. a3 a5 42. axb4 axb4 43. Kc2 Kd6 44. cxd5 Kxd5 45. Kd3 f6 46. Ke3
Kd6 47. Ke4 Kc6 48. d5+ Kc5 49. d6 Kxd6 50. Kd4 Kc6 51. Kc4 Kd6 52. Kxb4 Ke5
53. Kc4 Kf4 54. b4 Kxg4 55. b5 Kf3 56. b6 g4 57. b7 g3 58. b8=Q g2 59. Qb6 Ke2
60. Qg1 1-0

[Event "4NCL Division 3 Central"]
[Site "Leamington Spa, ENG"]
[Date "2022.05.01"]
[Round "8.61"]
[White "Bentley, Alex"]
[Black "Phan, Stefanus K F"]
[Result "0-1"]
[WhiteElo "1758"]
[BlackElo "1816"]
[PlyCount "44"]
[EventDate "2022.05.01"]
[WhiteTeam "Ashfield 2"]
[BlackTeam "Oxford 3"]

1. e4 c6 2. d4 d5 3. f3 dxe4 4. fxe4 e5 5. Nf3 Bg4 6. c3 Nd7 7. Bc4 Bh5 8. O-O
Ngf6 9. Qc2 Bd6 10. Bg5 Qc7 11. Nbd2 O-O 12. h3 h6 13. dxe5 Bxe5 14. Nxe5 Qxe5
15. Rf5 Qe7 16. Bxf6 Nxf6 17. b4 Bg6 18. Rf4 a5 19. Bd3 axb4 20. cxb4 Qxb4 21.
Rff1 Rfd8 22. Rab1 Qd4+ 0-1

[Event "4NCL Division 3 Central"]
[Site "Leamington Spa, ENG"]
[Date "2022.05.01"]
[Round "8.62"]
[White "Staples, Neil"]
[Black "Hardman, Daniel"]
[Result "1/2-1/2"]
[WhiteElo "1793"]
[BlackElo "1745"]
[PlyCount "110"]
[EventDate "2022.05.01"]
[WhiteTeam "Oxford 3"]
[BlackTeam "Ashfield 2"]

1. c4 e5 2. g3 Nc6 3. Bg2 f5 4. Nc3 Nf6 5. d3 Bb4 6. Bd2 O-O 7. Nf3 d6 8. O-O
Qe8 9. a3 Bxc3 10. Bxc3 Qh5 11. b4 f4 12. b5 Ne7 13. Qd2 Bh3 14. e3 fxg3 15.
fxg3 Ng4 16. Rae1 Nf5 17. Bxh3 Qxh3 18. e4 Ne7 19. Qg2 Qxg2+ 20. Kxg2 a6 21. h3
Nf6 22. Bb4 Nd7 23. Ng5 a5 24. Rxf8+ Nxf8 25. Bd2 h6 26. Nf3 Ne6 27. Be3 b6 28.
Rf1 Rf8 29. Nh4 Rxf1 30. Kxf1 Kf7 31. Nf3 g5 32. Ke2 Kg6 33. Kf2 Ng8 34. Ne1
Nf6 35. Kg2 Nd7 36. Kf3 Ndc5 37. Ke2 Kf6 38. Kf3 Nb3 39. Nc2 h5 40. Ke2 Nbd4+
41. Kd2 Nxc2 42. Kxc2 Nd4+ 43. Kd2 Nf3+ 44. Ke2 g4 45. h4 Ke6 46. Kd1 Nd4 47.
Bxd4 exd4 48. Kc2 Kd7 49. Kb3 Ke6 50. a4 Kd7 51. Ka3 c6 52. Kb3 cxb5 53. axb5
Ke6 54. Ka3 Ke5 55. Kb3 Ke6 1/2-1/2

[Event "4NCL Division 3 Central"]
[Site "Leamington Spa, ENG"]
[Date "2022.05.01"]
[Round "8.63"]
[White "Hill, Maurice J"]
[Black "Davis, Cameron"]
[Result "1/2-1/2"]
[WhiteElo "1707"]
[BlackElo "1754"]
[PlyCount "114"]
[EventDate "2022.05.01"]
[WhiteTeam "Ashfield 2"]
[BlackTeam "Oxford 3"]

1. g3 d5 2. Bg2 e5 3. c4 d4 4. d3 Nc6 5. Nf3 Bb4+ 6. Bd2 a5 7. O-O Nf6 8. b3
O-O 9. a3 Be7 10. Qc2 Nd7 11. Rd1 Nc5 12. Ra2 a4 13. b4 Nb3 14. b5 Nxd2 15.
Nbxd2 Nb8 16. Nxe5 Bf6 17. Nef3 Bf5 18. Ne4 Bxe4 19. dxe4 Re8 20. e5 Bxe5 21.
Nxe5 Rxe5 22. Bxb7 Ra7 23. Bg2 Qd6 24. e3 c5 25. bxc6 Nxc6 26. Bxc6 Qxc6 27.
Rxd4 Ra8 28. Qd3 Ree8 29. Rb2 g6 30. Rd6 Qf3 31. Qd5 Qxd5 32. cxd5 Re7 33. Rb4
Kg7 34. Rdb6 Ra5 35. Rd4 f5 36. Kf1 g5 37. Ke2 Rd7 38. d6 Kf6 39. Kd3 Ke6 40.
Kc4 h5 41. f4 gxf4 42. exf4 Ra8 43. Kb4 Rc8 44. Rd2 Ra8 45. Rb5 h4 46. Re5+ Kf6
47. Rdd5 Rb7+ 48. Kc4 Rc8+ 49. Rc5 Rcb8 50. Rc6 Rd7 51. Rb5 Re8 52. Rb2 Re3 53.
Rd2 Rxa3 54. Rc7 Ke6 55. Re2+ Kxd6 56. Rxd7+ Kxd7 57. gxh4 Rf3 1/2-1/2

[Event "4NCL Division 3 Central"]
[Site "Leamington Spa, ENG"]
[Date "2022.05.01"]
[Round "8.64"]
[White "Neatherway, A Philip"]
[Black "Fraser, Chris"]
[Result "1-0"]
[WhiteElo "1790"]
[BlackElo "1631"]
[PlyCount "127"]
[EventDate "2022.05.01"]
[WhiteTeam "Oxford 3"]
[BlackTeam "Ashfield 2"]

1. e4 c5 2. Nf3 g6 3. d4 cxd4 4. Nxd4 Nc6 5. Nc3 Bg7 6. Be3 Nf6 7. Be2 O-O 8.
O-O d5 9. Nxc6 bxc6 10. e5 Nd7 11. f4 Nb6 12. Bc5 Re8 13. Bd3 e6 14. Qe2 Bf8
15. Bxf8 Rxf8 16. Rad1 Qe7 17. Qf2 Bd7 18. g4 f6 19. exf6 Rxf6 20. g5 Rf7 21.
Rde1 Qd6 22. Qg3 Raf8 23. Ne2 c5 24. c3 d4 25. c4 Na4 26. Rb1 Bc6 27. h4 Ba8
28. Rf2 Qc6 29. Rh2 Qf3 30. h5 Qxg3+ 31. Nxg3 Rxf4 32. hxg6 hxg6 33. Rf1 Rxf1+
34. Nxf1 Nxb2 35. Rxb2 Kg7 36. Rf2 Re8 37. Nd2 Rh8 38. Rh2 Rf8 39. Rh6 e5 40.
Rxg6+ Kh8 41. Rf6 Re8 42. Ne4 Bxe4 43. Bxe4 Rd8 44. Kf2 d3 45. Ke1 Rd4 46. Bd5
e4 47. Re6 Kg7 48. Rxe4 d2+ 49. Kd1 Rd3 50. Re7+ Kf8 51. Re2 Rg3 52. Rg2 Rd3
53. Rxd2 Rg3 54. Rg2 Rd3+ 55. Kc1 Kg7 56. Kb2 Re3 57. g6 Re8 58. Bf7 Rb8+ 59.
Kc2 Rb4 60. Rh2 Rb7 61. Rh7+ Kf6 62. Bd5 Rb8 63. g7 Kg6 64. g8=Q+ 1-0

[Event "4NCL Division 3 Central"]
[Site "Leamington Spa, ENG"]
[Date "2022.05.01"]
[Round "8.65"]
[White "Thomson, James L"]
[Black "Hibbitt, Arthur"]
[Result "1/2-1/2"]
[WhiteElo "1544"]
[BlackElo "1730"]
[PlyCount "121"]
[EventDate "2022.05.01"]
[WhiteTeam "Ashfield 2"]
[BlackTeam "Oxford 3"]

1. d4 g6 2. c4 Bg7 3. Nc3 c5 4. e3 cxd4 5. exd4 Nf6 6. Nf3 O-O 7. g3 d5 8. cxd5
Nxd5 9. Bg2 Nc6 10. Ne2 Bf5 11. a3 Qd7 12. O-O Bh3 13. Re1 Bxg2 14. Kxg2 Rfd8
15. b4 Rac8 16. Bb2 e6 17. Qd2 b5 18. Red1 Nb6 19. Qg5 Nc4 20. Bc3 Qd5 21. Qxd5
Rxd5 22. Nf4 Rd6 23. Rd3 Rcd8 24. Nd2 Nxd2 25. Rxd2 e5 26. Nd3 Nxd4 27. Nc5 Nc6
28. Rad1 Rxd2 29. Rxd2 Rxd2 30. Bxd2 Nd4 31. Be3 f5 32. Kf1 Nc2 33. Bc1 Kf7 34.
Ke2 e4 35. Kd1 Nd4 36. Be3 Ke7 37. h4 Nf3 38. Nb3 Bb2 39. Bxa7 Bxa3 40. Bc5+
Ke6 41. Kc2 Ne5 42. Nd4+ Kd5 43. Nxb5 Bxb4 44. Bxb4 Kc4 45. Bc3 Kxb5 46. Bxe5
Kc4 47. Kd2 Kd5 48. Bc7 Kd4 49. Bb6+ Ke5 50. Ke3 h6 51. Bc7+ Kf6 52. Kf4 g5+
53. hxg5+ hxg5+ 54. Ke3 Kg6 55. Be5 Kh5 56. Kd4 Kg4 57. Kd5 Kf3 58. Bd4 f4 59.
gxf4 gxf4 60. Ke5 e3 61. fxe3 1/2-1/2

[Event "4NCL Division 3 Central"]
[Site "Leamington Spa, ENG"]
[Date "2022.05.01"]
[Round "8.66"]
[White "Tringali, Alessandro"]
[Black "Brown, Stephanie"]
[Result "1-0"]
[WhiteElo "1662"]
[BlackElo "1402"]
[PlyCount "103"]
[EventDate "2022.05.01"]
[WhiteTeam "Oxford 3"]
[BlackTeam "Ashfield 2"]

1. e4 e6 2. d4 d5 3. Nd2 c5 4. Ngf3 Nc6 5. Bb5 a6 6. Bxc6+ bxc6 7. dxc5 Bxc5 8.
O-O Ne7 9. e5 O-O 10. Nb3 Bb6 11. Qd3 Ng6 12. Bg5 f6 13. exf6 gxf6 14. Bh6 Rf7
15. Qc3 Qd6 16. Be3 Bxe3 17. Qxe3 Rg7 18. Kh1 Nf4 19. g3 Nh3 20. Qc5 Qxc5 21.
Nxc5 Ng5 22. Nxg5 fxg5 23. Rfe1 Kf7 24. Re2 Rb8 25. c3 h5 26. b4 Kf6 27. Nd3
Bd7 28. Rae1 Re7 29. Nc5 Bc8 30. Re5 Rb5 31. R5e2 Rb6 32. a3 e5 33. f3 Kf5 34.
Nd3 e4 35. fxe4+ dxe4 36. Nc5 e3 37. Rxe3 Rxe3 38. Rxe3 h4 39. Re8 Bb7 40. Rb8
hxg3 41. hxg3 g4 42. Rxb7 Rxb7 43. Nxb7 Ke4 44. Nc5+ Kf3 45. Kh2 Ke3 46. Nxa6
Kd3 47. Nb8 Kxc3 48. Nxc6 Kc4 49. a4 Kd3 50. b5 Kc4 51. Kg2 Kb3 52. Kf2 1-0

[Event "4NCL Division 3 Central"]
[Site "Leamington Spa, ENG"]
[Date "2022.05.01"]
[Round "8.71"]
[White "Pink, Joshua"]
[Black "Freund, Michael P"]
[Result "1-0"]
[WhiteElo "1939"]
[BlackElo "1642"]
[PlyCount "105"]
[EventDate "2022.05.01"]
[WhiteTeam "Throw in the Tal"]
[BlackTeam "Deaf England"]

1. e4 e6 2. d4 d5 3. Nd2 dxe4 4. Nxe4 Bd7 5. Bd3 Bc6 6. Nf3 Nd7 7. c4 Ngf6 8.
Nc3 Be7 9. O-O Bxf3 10. Qxf3 c6 11. Re1 O-O 12. b3 Qa5 13. Bb2 Ba3 14. Bxa3
Qxa3 15. Ne4 Nxe4 16. Rxe4 Qe7 17. Rae1 Rfe8 18. Rg4 Nf8 19. Qg3 g6 20. h4 Rad8
21. h5 Qf6 22. Rf4 Qg7 23. Qe3 Rd7 24. Bc2 Red8 25. d5 cxd5 26. cxd5 Rxd5 27.
hxg6 hxg6 28. Qxa7 Qh6 29. g3 R5d7 30. Kg2 Qg5 31. Qe3 Qd5+ 32. Be4 Qd4 33.
Qxd4 Rxd4 34. Bxb7 Rxf4 35. gxf4 Rd4 36. Kf3 Nd7 37. Be4 Kf8 38. Bc2 Rd2 39.
Re2 Rxe2 40. Kxe2 Ke7 41. Kd3 Kd6 42. b4 Nb6 43. Bb3 Kc6 44. a4 Nd7 45. Kd4 Kb6
46. Bc4 Kc7 47. a5 Kc6 48. b5+ Kb7 49. Bb3 Ka7 50. Ba4 Kb7 51. b6 Nf6 52. Bb5
Nd5 53. Kc5 1-0

[Event "4NCL Division 3 Central"]
[Site "Leamington Spa, ENG"]
[Date "2022.05.01"]
[Round "8.72"]
[White "David, Barry A H"]
[Black "Ireland, David J"]
[Result "0-1"]
[WhiteElo "1664"]
[BlackElo "1978"]
[PlyCount "54"]
[EventDate "2022.05.01"]
[WhiteTeam "Deaf England"]
[BlackTeam "Throw in the Tal"]

1. e4 e5 2. Nf3 Nf6 3. Nxe5 Nxe4 4. d4 d6 5. Nf3 d5 6. Bd3 Bd6 7. O-O Bf5 8.
Re1 O-O 9. c4 c6 10. cxd5 cxd5 11. Nc3 Re8 12. Bg5 f6 13. Be3 Nc6 14. Bb5 Qb6
15. Qb3 Nxc3 16. bxc3 Be4 17. Nd2 Na5 18. Qa4 Re7 19. c4 a6 20. Bd7 Qc7 21.
Nxe4 dxe4 22. Bg4 Nxc4 23. Rec1 b5 24. Qb3 Qb7 25. a4 Rb8 26. Rab1 Qd5 27. Rxc4
Qxc4 0-1

[Event "4NCL Division 3 Central"]
[Site "Leamington Spa, ENG"]
[Date "2022.05.01"]
[Round "8.73"]
[White "Goodwin, Ed H"]
[Black "Ajimal, Jet"]
[Result "1-0"]
[WhiteElo "1832"]
[BlackElo "1608"]
[PlyCount "27"]
[EventDate "2022.05.01"]
[WhiteTeam "Throw in the Tal"]
[BlackTeam "Deaf England"]

1. d4 d5 2. c4 Nf6 3. cxd5 Nxd5 4. Nf3 e6 5. e4 Nf6 6. Nc3 Be7 7. Bd3 O-O 8.
O-O b6 9. Qe2 Bb7 10. Bf4 Nbd7 11. Rad1 Nh5 12. Be3 c5 13. Bb5 Qc7 14. Bxd7 1-0

[Event "4NCL Division 3 Central"]
[Site "Leamington Spa, ENG"]
[Date "2022.05.01"]
[Round "8.74"]
[White "Gibson, Stephen"]
[Black "Manickam, Saravanna Bava"]
[Result "1-0"]
[WhiteElo "1514"]
[BlackElo "1754"]
[PlyCount "94"]
[EventDate "2022.05.01"]
[WhiteTeam "Deaf England"]
[BlackTeam "Throw in the Tal"]

1. e4 c6 2. d4 d5 3. exd5 cxd5 4. f4 Nf6 5. Nf3 Bg4 6. Be2 Bxf3 7. Bxf3 e6 8. O-O Nc6 9.
Re1 Be7 10. c3 O-O 11. Qc2 Rc8 12. Qf2 Re8 13. g4 Nxg4 14. Bxg4 Bh4 15. Qf1
Bxe1 16. Qxe1 Qf6 17. Be3 Na5 18. Na3 a6 19. Rd1 b5 20. Bh3 Nb7 21. Qg3 h6 22.
Rf1 Nd6 23. Qf3 Nf5 24. Nc2 a5 25. a3 Rc4 26. Kh1 Rec8 27. Rg1 b4 28. Bf1 R4c7
29. axb4 axb4 30. Nxb4 Ra7 31. Bd3 Rca8 32. Na6 Rxa6 33. Bxa6 Rxa6 34. b4 Qd8
35. Qe2 Qc8 36. Qd3 Ra3 37. Rc1 Ra2 38. Rb1 Ra3 39. Rd1 Nd6 40. Bd2 Ne4 41. Be1
Qb8 42. Qe3 Qa8 43. Qd3 Qc6 44. Kg1 Qc7 45. Qe3 Qc4 46. Kh1 Qf1+ 47. Qg1 Qxf4
1-0

[Event "4NCL Division 3 Central"]
[Site "Leamington Spa, ENG"]
[Date "2022.05.01"]
[Round "8.75"]
[White "Scaife, Warrick"]
[Black "Simmons, Michael W"]
[Result "1-0"]
[WhiteElo "1671"]
[BlackElo "1173"]
[PlyCount "82"]
[EventDate "2022.05.01"]
[WhiteTeam "Throw in the Tal"]
[BlackTeam "Deaf England"]

1. e4 c5 2. Nc3 d6 3. g3 Nf6 4. Bg2 g6 5. Nge2 Bg7 6. O-O O-O 7. d3 a6 8. a4
Nbd7 9. Bg5 Re8 10. Qd2 Qc7 11. Rad1 Rb8 12. Bh6 b5 13. axb5 axb5 14. Bxg7 Kxg7
15. f4 b4 16. Na4 Bb7 17. b3 h6 18. Nb2 Nb6 19. f5 g5 20. Nc4 Nxc4 21. bxc4 Qb6
22. c3 b3 23. Rb1 Bc6 24. Rb2 Ba4 25. Rfb1 Qa5 26. Nc1 e5 27. fxe6 fxe6 28. h3
Rb6 29. Nxb3 Bxb3 30. Rxb3 Rxb3 31. Rxb3 Qa1+ 32. Kh2 Rf8 33. Rb6 g4 34. Rxd6
e5 35. d4 gxh3 36. Kxh3 Nxe4 37. Qxh6+ Kg8 38. Rg6+ Kf7 39. Qh7+ Ke8 40. Re6+
Kd8 41. Qe7+ Kc8 1-0

[Event "4NCL Division 3 Central"]
[Site "Leamington Spa, ENG"]
[Date "2022.05.01"]
[Round "8.76"]
[White "Paull, James"]
[Black "Woolgar, Steven G"]
[Result "1/2-1/2"]
[WhiteElo "1185"]
[BlackElo "1631"]
[PlyCount "69"]
[EventDate "2022.05.01"]
[WhiteTeam "Deaf England"]
[BlackTeam "Throw in the Tal"]

1. e4 c5 2. Nf3 d6 3. d4 cxd4 4. Nxd4 Nf6 5. Nc3 a6 6. Be2 e5 7. Nb3 Be7 8. O-O
Be6 9. Nd5 Nbd7 10. Re1 O-O 11. Bc4 Bxd5 12. Bxd5 Nxd5 13. Qxd5 b5 14. Bd2 Nf6
15. Qb7 Re8 16. Ba5 Qc8 17. Qxc8 Rexc8 18. c3 Nd7 19. Rad1 Nc5 20. Bb4 f6 21.
Bxc5 dxc5 22. Rd7 Kf8 23. Red1 Ke8 24. Rb7 Rd8 25. Re1 b4 26. cxb4 cxb4 27. g3
a5 28. Rc1 Rd7 29. Rcc7 Rxc7 30. Rxc7 g5 31. a4 bxa3 32. bxa3 a4 33. Nc5 Bxc5
34. Rxc5 Ra7 35. Rc4 1/2-1/2